| 000 | 00831nam a22001577a 4500 | ||
|---|---|---|---|
| 003 | OSt | ||
| 005 | 20200608092929.0 | ||
| 008 | 150922b xxu||||| |||| 00| 0 eng d | ||
| 040 | _cRUA | ||
| 082 |
_aAGR HOR 2010 B045 Or.1 _2https://drive.google.com/file/d/1MvaiUXeWP4Xl6egeVFNaR2BxW2bjc4OQ/view?usp=sharing |
||
| 100 |
_91084 _aHORN, LINAN. |
||
| 245 | _asclerotium rolfsii disease managerment using solarization on mungbean in greenhouse condition (វិធានការការពារផ្សិត ក្លែរ៉ូទីញ៉ូម រ៉ូស្សុីដោយប្រើពន្លឺថ្ងៃ លើដំណាំសណ្តែកបាយ ក្នុងលក្ខខណ្ឌផ្ទះកញ្ចក់) | ||
| 260 |
_aPhnom Penh _bRUA _c2010 |
||
| 300 |
_ax, 43p. _bill. _c29cm. |
||
| 942 |
_2ddc _cAGR |
||
| 999 |
_c1038 _d1038 |
||